000 00593nam a2200229Ia 4500
003 OSt
005 20221007104658.0
006 a|||||r|||| 00| 0
007 ta
008 221006b |||||||| |||| 00| 0 eng d
024 _a16,529
037 _cTextual
040 _aLCO
_cLCO
_beng
041 _2eng
_aeng
082 _aZ2,5w7, K4
245 0 _aLaw of Sedition in India INDIAN LAW INSTITUTE
260 _aBombay
_bN.M.Tripathi Pvt.Ltd India
_c1964
300 _a92
650 _aSEDITION LAW
_9702555
942 _hZ2,5w7, K4
_cTEXL
999 _c1186092
_d1186092